000 00943nam a22003017a 4500
001 BR9510541
003 BR-BrBNA
005 20230928094829.0
007 ta
008 230509b bl.||||| |||| 00| 0 por d
040 _aBR-BrBNA
_bpor
_cBiblioteca Nacional de Agricultura
041 _a(Por)
072 _aH10
_b2480
_b4020
_b3877
090 _ 2480 BR9510541
100 1 _aRodrigues, M.G.
110 1 _aConselho Nacional da Borracha, Rio de Janeiro, RJ (Brasil)
_92647
111 1 _a2. Seminario Nacional da Seringueira
_cRio Branco, AC (Brazil)
_dJun 1976
245 1 _aEnsaio em laboratorio para o controle a lagarta de Erinnyis ello com inseticidas organicos sinteticos
260 3 _aRio de Janeiro, RJ (Brasil):
_c1976.
300 _a[vp]
500 _a7 ref.
650 _aSeringueira
650 _aMandarova
650 _aInseticida
650 _aControle Quimico
909 _a202309
_bLucia
_c55
_dLucia Elande
942 _cBK
999 _c52891
_d52891